000 01109nam0a22002531 4500
001 rc\4024486
005 20260407044628.0
021 _aRU
_b[46-8223]
035 _a(NLR Aleph) 008088415
090 _a9167844
_c9167844
100 _a20130415d1946 |||y0rusy50 ca
101 0 _arus
102 _aRU
105 _ay g |||||
200 1 _aКраткий справочник для поступающих в Днепропетровский металлургический институт
_fДнепропетр. металлург. ин-т им. И.В. Сталина
210 _aХарьков
_aМосква
_cМеталлургиздат
_d1946
_gТип. "Коммунист" в Харькове
215 _a23 с.
_d20
606 _aМеталлургические институты
_jСправочники для поступающих
_2psbo
710 0 2 _aДнепропетровский металлургический институт
_3RU\NLR\AUTH\8810017293
_9532433
801 0 _aRU
_bNLR
_gpsbo
801 1 _aRU
_bELAR
_2rusmarc
852 _aNLR
_jПр40 Г-4/194
942 _cBOOK
980 _aNB